LEADER 02673nam 2200577 a 450 001 9910462100603321 005 20200520144314.0 010 $a1-84779-299-5 035 $a(CKB)2670000000276684 035 $a(EBL)1069583 035 $a(OCoLC)818847312 035 $a(SSID)ssj0000945256 035 $a(PQKBManifestationID)11588102 035 $a(PQKBTitleCode)TC0000945256 035 $a(PQKBWorkID)10869219 035 $a(PQKB)11509162 035 $a(MiAaPQ)EBC1069583 035 $a(OCoLC)990185662 035 $a(MdBmJHUP)muse77854 035 $a(Au-PeEL)EBL1069583 035 $a(CaPaEBR)ebr10623244 035 $a(EXLCZ)992670000000276684 100 $a20121130d2009 uy 0 101 0 $aeng 135 $aur|n|---||||| 181 $ctxt 182 $cc 183 $acr 200 10$aConservative thinkers$b[electronic resource] $ethe key contributors to the political thought of the modern Conservative Party /$fMark Garnett and Kevin Hickson 210 $aManchester $cManchester University Press$d2009 215 $a1 online resource (201 p.) 300 $aDescription based upon print version of record. 311 $a0-7190-7508-4 320 $aIncludes bibliographical references and index. 327 $a9780719075087; 9780719075087; Copyright Page; Contents; Acknowledgements; Introduction; 1 Harold Macmillan; 2 Rab Butler and the One Nation Group; 3 Quintin Hogg, Lord Hailsham; 4 Enoch Powell; 5 Angus Maude; 6 Keith Joseph; 7 The traditionalists; 8 Ian Gilmour and the wets; 9 John Redwood; 10 David Willetts; Conclusion; Bibliography; Index 330 $aThis book outlines and evaluates the political thought of the Conservative Party through a detailed examination of its principal thinkers from Harold Macmillan to the present. Traditionally, the Conservative Party has been regarded as a vote-gathering machine rather than a vehicle for ideas. This book redresses the balance through a series of biographical essays examining the thought of those who have contributed most to the development of ideas within the party. The chapters benefit from archival research and interviews with leading Conservatives. The recent revival of Conservative fortunes m. 606 $aPolitical science 606 $aPolitical culture 608 $aElectronic books. 615 0$aPolitical science. 615 0$aPolitical culture. 676 $a320.520941 700 $aGarnett$b Mark$0784225 701 $aHickson$b Kevin$0880415 801 0$bMiAaPQ 801 1$bMiAaPQ 801 2$bMiAaPQ 906 $aBOOK 912 $a9910462100603321 996 $aConservative thinkers$92481895 997 $aUNINA LEADER 01827nas 2200613- 450 001 9910143451803321 005 20250103071152.0 011 $a1479-0793 035 $a(OCoLC)823502463 035 $a(CKB)111088542158056 035 $a(CONSER)--2022242462 035 $a(EXLCZ)99111088542158056 100 $a19941110b19942018 --- a 101 0 $aeng 135 $aur|n||||||||| 181 $ctxt$2rdacontent 182 $cc$2rdamedia 183 $acr$2rdacarrier 200 00$aEuropean journal of palliative care 210 1$aNewmarket :$cHayward Medical Communications,$d1994-2018. 215 $a1 online resource 300 $aRefereed/Peer-reviewed 311 08$a1352-2779 517 1 $aEJPC 531 1 $aEur. j. palliat. care 606 $aPalliative treatment$vPeriodicals 606 $aPalliative treatment 606 $aPain$xprevention & control 606 $aPalliative Care 606 $aSoins palliatifs$vPériodiques 606 $aSoins palliatifs 606 $aPalliative treatment$2fast$3(OCoLC)fst01051719 606 $aPalliatieve behandeling$2gtt 606 $aAnalgesie$2gtt 608 $aPeriodical 608 $aperiodicals.$2aat 608 $aPeriodicals.$2fast 608 $aPeriodicals.$2lcgft 608 $aPériodiques.$2rvmgf 615 0$aPalliative treatment 615 0$aPalliative treatment. 615 2$aPain$xprevention & control 615 2$aPalliative Care 615 6$aSoins palliatifs 615 6$aSoins palliatifs. 615 7$aPalliative treatment. 615 17$aPalliatieve behandeling. 615 17$aAnalgesie. 676 $a616.029 712 02$aEuropean Association for Palliative Care, 906 $aJOURNAL 912 $a9910143451803321 996 $aEuropean Journal of Palliative Care$91976562 997 $aUNINA